[Event "Titled Tuesday intern op 03rd Jan Late"]
[Site "Chess.com INT"]
[Date "2025.06.03"]
[Round "1"]
[White "Bian, Alex"]
[Black "Zhigalko, Sergei"]
[Result "0-1"]
[WhiteElo "2342"]
[BlackElo "2572"]
[PlyCount "78"]
[EventDate "2025.06.03"]
[EventType "swiss (blitz)"]
[EventRounds "11"]
[EventCountry "USA"]
[SourceTitle "CB24_2025"]
[SourceDate "2025.06.11"]
[SourceVersion "1"]
[SourceVersionDate "2025.06.11"]
[SourceQuality "1"]

1. e4 c5 2. Nf3 d6 3. d4 cxd4 4. Nxd4 Nf6 5. Nc3 a6 6. Bg5 Nbd7 7. Qe2 h6 8. Bh4 g6 9. f4 e5 10. 0-0-0 Be7 11. fxe5 dxe5 12. Bxf6 Bxf6 13. Nf3 0-0 14. Qf2 b5 15. Nd5 Bg7 16. Be2 Bb7 17. Rhf1 Rc8 18. Kb1 Bxd5 19. Rxd5 Qc7 20. Rc1 Nf6 21. Rdd1 Nxe4 22. Qe3 Nd6 23. c3 Rfe8 24. Rd5 Nf5 25. Qe4 Nd6 26. Qe3 e4 27. Nh4 Nc4 28. Bxc4 Qxc4 29. Rcd1 b4 30. b3 Qxc3 31. Qxc3 Bxc3 32. Rc1 Rcd8 33. Ra5 e3 34. Nf3 e2 35. Kc2 e1Q 36. Nxe1 Rd2+ 37. Kb1 Rb2+ 38. Ka1 Rxb3+ 39. Rxc3 Rxe1+ 0-1

[Event "Titled Tuesday intern op 20th May Late"]
[Site "Chess.com INT"]
[Date "2025.05.20"]
[Round "4"]
[White "Kahre, Kim"]
[Black "Bian, Alex"]
[Result "0-1"]
[WhiteElo "2119"]
[BlackElo "2342"]
[PlyCount "88"]
[EventDate "2025.05.20"]
[EventType "swiss (blitz)"]
[EventRounds "11"]
[EventCountry "USA"]
[SourceTitle "CB22_2025"]
[SourceDate "2025.05.28"]
[SourceVersion "1"]
[SourceVersionDate "2025.05.28"]
[SourceQuality "1"]

1. d4 Nf6 2. Nf3 e6 3. Bf4 c5 4. c3 b6 5. e3 Bb7 6. Be2 Be7 7. 0-0 0-0 8. h3 d6 9. Nfd2 Nbd7 10. Bf3 d5 11. Re1 Ne4 12. Qc2 f5 13. Be2 Ndf6 14. Nf3 Bd6 15. Bxd6 Qxd6 16. Ne5 Nd7 17. f4 Nxe5 18. fxe5 Qe7 19. Nd2 Qg5 20. Bf3 cxd4 21. cxd4 Rac8 22. Qd1 Ng3 23. Rc1 f4 24. Rxc8 Rxc8 25. exf4 Qxf4 26. Nb3 Ba6 27. Bg4 Rc6 28. Qd2 Qxd2 29. Nxd2 h5 30. Bd1 Rc1 31. Nf3 Ne4 32. Ba4 Rc7 33. Rf1 Bxf1 34. Kxf1 Rc1+ 35. Ke2 Rb1 36. b3 Rb2+ 37. Kf1 Rxa2 38. Bd7 Kf7 39. Nh4 g5 40. Nf3 g4 41. hxg4 hxg4 42. Ne1 g3 43. Nd3 Nc3 44. Nf4 Ra1# 0-1

[Event "USA-ch U20"]
[Site "Saint Louis"]
[Date "2018.07.20"]
[Round "8"]
[White "Li, Ruifeng"]
[Black "Bian, Alex"]
[Result "1-0"]
[WhiteElo "2583"]
[BlackElo "2291"]
[PlyCount "149"]
[EventDate "2018.07.12"]
[EventType "tourn"]
[EventRounds "9"]
[EventCountry "USA"]
[EventCategory "9"]
[SourceTitle "CBM 185 Extra"]
[Source "ChessBase"]
[SourceDate "2018.07.29"]
[SourceVersion "1"]
[SourceVersionDate "2018.07.29"]
[SourceQuality "1"]

1. e4 c5 2. Nc3 Nc6 3. g3 g6 4. Bg2 Bg7 5. d3 d6 6. Be3 e5 7. f4 Nge7 8. Nh3 Nd4 9. 0-0 0-0 10. g4 exf4 11. Nxf4 b5 12. e5 dxe5 13. Bxa8 exf4 14. Bxf4 b4 15. Ne4 Be6 16. Bg5 Qc7 17. c3 bxc3 18. bxc3 Rxa8 19. cxd4 Bxd4+ 20. Kg2 Nc6 21. Bf6 Ne5 22. h3 Bd5 23. Qd2 Nxd3 24. Qxd3 Re8 25. Rae1 Qc6 26. Bxd4 Rxe4 27. Kg1 Rxd4 28. Qg3 Rd2 29. Rf2 Rxf2 30. Qxf2 Qa4 31. g5 Be6 32. Rb1 Qd4 33. Qxd4 cxd4 34. a4 d3 35. Kf2 Bxh3 36. Rb7 a6 37. Ke3 d2 38. Kxd2 Kg7 39. Ra7 Bf1 40. Ke3 Bc4 41. Kd4 Be2 42. Ke5 Bc4 43. a5 Bf1 44. Kd6 Bc4 45. Rc7 Bf1 46. Rc1 Be2 47. Rc2 Bd3 48. Rc3 Be2 49. Ke7 Bb5 50. Rb3 Bc4 51. Rb4 Be6 52. Rb6 Bc4 53. Rd6 Bf1 54. Rd4 Bh3 55. Rc4 Bf5 56. Rc6 Bd3 57. Rc7 Bf1 58. Kd6 Be2 59. Kc5 Bf1 60. Ra7 Be2 61. Re7 Bf1 62. Rb7 Bd3 63. Ra7 Be2 64. Kb6 h5 65. gxh6+ Kh7 66. Rxf7+ Kxh6 67. Kc5 Kg5 68. Kd4 Bb5 69. Ke5 Kg4 70. Rg7 Kg5 71. Rc7 Kg4 72. Rg7 Kg5 73. Rb7 Bc4 74. Rb1 Kg4 75. Rb4 1-0

[Event "USA-ch U20"]
[Site "Saint Louis"]
[Date "2018.07.13"]
[Round "2"]
[White "Bian, Alex"]
[Black "Tang, Andrew"]
[Result "1-0"]
[WhiteElo "2291"]
[BlackElo "2507"]
[PlyCount "61"]
[EventDate "2018.07.12"]
[EventType "tourn"]
[EventRounds "9"]
[EventCountry "USA"]
[EventCategory "9"]
[SourceTitle "CBM 185 Extra"]
[Source "ChessBase"]
[SourceDate "2018.07.29"]
[SourceVersion "1"]
[SourceVersionDate "2018.07.29"]
[SourceQuality "1"]

1. e4 e5 2. Nf3 Nc6 3. d4 exd4 4. Nxd4 Bc5 5. Be3 Qf6 6. c3 Nge7 7. Bc4 0-0 8. 0-0 b6 9. Qd2 Qg6 10. b4 Bxd4 11. cxd4 Qxe4 12. Nc3 Qg6 13. b5 Na5 14. Bd3 f5 15. d5 Bb7 16. Be2 Qf7 17. Rac1 f4 18. Bd4 Nxd5 19. Nxd5 Bxd5 20. Rxc7 Rac8 21. Rxa7 Bxg2 22. Bg4 Nb7 23. Kxg2 Qg6 24. Qd1 h5 25. Rxb7 Rf7 26. Rxb6 Qg5 27. h4 Qxh4 28. Rg6 hxg4 29. Qxg4 f3+ 30. Kg1 Qh7 31. Re1 1-0

[Event "Philadelphia int op 11th"]
[Site "Philadelphia"]
[Date "2017.06.27"]
[Round "6"]
[White "Yang, Kaiqi"]
[Black "Bian, Alex"]
[Result "1-0"]
[WhiteElo "2415"]
[BlackElo "2266"]
[PlyCount "91"]
[EventDate "2017.06.24"]
[EventType "swiss"]
[EventRounds "9"]
[EventCountry "USA"]
[SourceTitle "CBM 179 Extra"]
[Source "ChessBase"]
[SourceDate "2017.08.23"]
[SourceVersion "1"]
[SourceVersionDate "2017.08.23"]
[SourceQuality "1"]

1. c4 e6 2. Nf3 d5 3. g3 Nf6 4. Bg2 dxc4 5. Qa4+ Nbd7 6. 0-0 a6 7. Qxc4 b5 8. Qc2 Bb7 9. b3 Be7 10. Bb2 c5 11. d3 0-0 12. Nbd2 Qb6 13. Rac1 Rac8 14. Qb1 Rc7 15. Qa1 h6 16. h3 Rfc8 17. Kh2 Ne8 18. e4 Bf8 19. Ne1 Nd6 20. f4 Qa7 21. g4 Nb6 22. f5 Ne8 23. Nef3 c4 24. Be5 Rd7 25. fxe6 fxe6 26. dxc4 bxc4 27. bxc4 Na4 28. Nd4 Ba3 29. Rc2 Re7 30. Qe1 Bd6 31. Qg3 Rd8 32. N2b3 Nc5 33. Rcf2 Nxb3 34. Rf8+ Kh7 35. Nxb3 Bxe5 36. Qxe5 Bc6 37. c5 Bb5 38. R1f2 Bc4 39. Qc3 Qc7+ 40. e5 Bd3 41. Na5 Red7 42. Nc6 Rc8 43. Qb3 Bb5 44. Be4+ g6 45. Qxe6 Rg7 46. R2f7 1-0

[Event "Philadelphia int op 11th"]
[Site "Philadelphia"]
[Date "2017.06.26"]
[Round "5"]
[White "Bian, Alex"]
[Black "Belous, Vladimir"]
[Result "1/2-1/2"]
[WhiteElo "2266"]
[BlackElo "2567"]
[PlyCount "117"]
[EventDate "2017.06.24"]
[EventType "swiss"]
[EventRounds "9"]
[EventCountry "USA"]
[SourceTitle "CBM 179 Extra"]
[Source "ChessBase"]
[SourceDate "2017.08.23"]
[SourceVersion "1"]
[SourceVersionDate "2017.08.23"]
[SourceQuality "1"]

1. e4 c5 2. Nf3 Nc6 3. d4 cxd4 4. Nxd4 e6 5. Nc3 Qc7 6. Be3 Nf6 7. Qd2 a6 8. 0-0-0 Bb4 9. f3 Ne7 10. Nb3 d5 11. e5 Nd7 12. f4 Nc5 13. Nxc5 Bxc5 14. Bxc5 Qxc5 15. Ne4 Qc7 16. Nd6+ Kf8 17. Bd3 Bd7 18. Qb4 a5 19. Qxb7 Qxb7 20. Nxb7 Nc6 21. Nc5 Ke7 22. Nxd7 Kxd7 23. Bb5 Rhc8 24. Rd3 Ke7 25. Bxc6 Rxc6 26. Rhd1 Rac8 27. R1d2 f6 28. exf6+ Kxf6 29. Re3 Rc4 30. g3 h6 31. b3 Rc3 32. Rxc3 Rxc3 33. Rd3 Rc5 34. Kd2 g5 35. Rc3 Rb5 36. a4 Rb8 37. fxg5+ hxg5 38. Rc5 g4 39. Rxa5 Rh8 40. Rc5 Rxh2+ 41. Kc1 Rh3 42. Rc3 d4 43. Rd3 e5 44. a5 Ke6 45. a6 Kd5 46. a7 Rh8 47. b4 Ra8 48. Ra3 Kc4 49. c3 dxc3 50. Kc2 Kxb4 51. Rb3+ Ka4 52. Rb1 Ka5 53. Kxc3 Ka6 54. Ra1+ Kb7 55. Kd3 Rd8+ 56. Ke4 Ka8 57. Ra4 Rf8 58. Ra5 Rf1 59. Kxe5 1/2-1/2

[Event "Wisconsin Int"]
[Site "Madison"]
[Date "2017.06.17"]
[Round "8"]
[White "Bian, Alex"]
[Black "Mulyar, Michael A"]
[Result "0-1"]
[WhiteElo "2266"]
[BlackElo "2407"]
[PlyCount "98"]
[EventDate "2017.06.13"]
[EventType "swiss"]
[EventRounds "9"]
[EventCountry "USA"]
[SourceTitle "CBM 179 Extra"]
[Source "ChessBase"]
[SourceDate "2017.08.23"]
[SourceVersion "1"]
[SourceVersionDate "2017.08.23"]
[SourceQuality "1"]

1. e4 e5 2. Nf3 Nc6 3. d4 exd4 4. Nxd4 Bc5 5. Be3 Qf6 6. c3 Nge7 7. Bc4 0-0 8. 0-0 b6 9. Nxc6 Qxc6 10. Bxc5 Qxc5 11. Nd2 Bb7 12. Bd3 Ng6 13. Nb3 Qg5 14. g3 Rfe8 15. f4 Qf6 16. Qc2 c5 17. Rae1 Qc6 18. Nd2 d5 19. e5 c4 20. Bxg6 hxg6 21. Nf3 d4 22. cxd4 Rad8 23. Re3 b5 24. Rd1 Qb6 25. Qf2 Re7 26. a4 b4 27. g4 Bxf3 28. Qxf3 Red7 29. a5 Qxa5 30. f5 gxf5 31. gxf5 Rxd4 32. Rxd4 Qa1+ 33. Kg2 Qxb2+ 34. Re2 Qxd4 35. e6 fxe6 36. fxe6 Qf6 37. Qg4 Rf8 38. Qh5 Qf1+ 39. Kg3 Qg1+ 40. Kh3 Qf1+ 41. Kg3 Rf5 42. e7 Qg1+ 43. Kh4 Rxh5+ 44. Kxh5 Qc5+ 45. Kh4 Qd4+ 46. Kh5 g6+ 47. Kg5 Qd5+ 48. Kf4 Qf5+ 49. Kg3 Qd3+ 0-1

[Event "World op 44th"]
[Site "Philadelphia"]
[Date "2016.07.03"]
[Round "7"]
[White "Colas, Joshua"]
[Black "Bian, Alex"]
[Result "1/2-1/2"]
[WhiteElo "2387"]
[BlackElo "2057"]
[PlyCount "100"]
[EventDate "2016.06.30"]
[EventType "swiss"]
[EventRounds "9"]
[EventCountry "USA"]
[SourceTitle "CBM 173 Extra"]
[Source "ChessBase"]
[SourceDate "2016.08.29"]
[SourceVersion "1"]
[SourceVersionDate "2016.08.29"]
[SourceQuality "1"]

1. d4 Nf6 2. c4 e6 3. Nc3 c5 4. d5 exd5 5. cxd5 d6 6. e4 g6 7. Nge2 Bg7 8. Ng3 0-0 9. Be2 b6 10. 0-0 Ba6 11. Bxa6 Nxa6 12. Re1 Re8 13. f4 Nc7 14. a4 a6 15. Nh1 Nd7 16. Nf2 c4 17. Be3 b5 18. Rb1 Rc8 19. Ne2 f5 20. Ng3 fxe4 21. Ngxe4 Nf6 22. Bd4 Ncxd5 23. axb5 axb5 24. Nxf6+ Nxf6 25. Rxe8+ Qxe8 26. Bxf6 Bxf6 27. Qd5+ Qf7 28. Ne4 Be7 29. Qxb5 d5 30. Ng5 Bxg5 31. fxg5 d4 32. Qe5 Qf5 33. Qxf5 gxf5 34. Rd1 c3 35. bxc3 dxc3 36. Kf2 Kg7 37. h4 Kg6 38. Rd6+ Kg7 39. Rd7+ Kg6 40. Rd6+ Kf7 41. Rd7+ Ke6 42. Rd1 f4 43. g4 c2 44. Rc1 Rc3 45. h5 Ke5 46. Ke2 Kd4 47. g6 hxg6 48. hxg6 Rg3 49. g7 Rxg4 50. Kf3 Rxg7 1/2-1/2

[Event "Toronto NAYCC U14"]
[Site "Toronto"]
[Date "2013.08.17"]
[Round "6"]
[White "Bian, Alex"]
[Black "Bellissimo, Joseph F"]
[Result "1/2-1/2"]
[WhiteElo "2059"]
[BlackElo "1999"]
[PlyCount "46"]
[EventDate "2013.08.14"]
[EventType "swiss"]
[EventRounds "9"]
[EventCountry "CAN"]
[SourceTitle "EXT 2022"]
[Source "ChessBase"]
[SourceDate "2021.10.06"]
[SourceVersion "1"]
[SourceVersionDate "2021.10.06"]
[SourceQuality "1"]

1. e4 e6 2. d4 d5 3. Nc3 Nf6 4. Bg5 dxe4 5. Nxe4 Be7 6. Bxf6 Bxf6 7. Nf3 Nd7 8. c3 0-0 9. Bd3 b6 10. 0-0 Bb7 11. Ng3 c5 12. Be4 Qc7 13. Qd2 h6 14. Rfe1 Rad8 15. Rad1 cxd4 16. cxd4 Be7 17. Rc1 Qb8 18. Bxb7 Qxb7 19. h3 Nf6 20. Qe2 Bd6 21. Ne5 Rc8 22. Nh5 Nxh5 23. Qxh5 Bxe5 1/2-1/2

[Event "Toronto NAYCC U14"]
[Site "Toronto"]
[Date "2013.08.16"]
[Round "4"]
[White "Doknjas, John"]
[Black "Bian, Alex"]
[Result "0-1"]
[WhiteElo "2086"]
[BlackElo "2059"]
[PlyCount "50"]
[EventDate "2013.08.14"]
[EventType "swiss"]
[EventRounds "9"]
[EventCountry "CAN"]
[SourceTitle "EXT 2022"]
[Source "ChessBase"]
[SourceDate "2021.10.06"]
[SourceVersion "1"]
[SourceVersionDate "2021.10.06"]
[SourceQuality "1"]

1. d4 Nf6 2. c4 e6 3. Nc3 Bb4 4. e3 b6 5. Nge2 Bb7 6. a3 Bxc3+ 7. Nxc3 0-0 8. d5 d6 9. Be2 Nbd7 10. b4 a5 11. Rb1 Qe7 12. e4 exd5 13. exd5 Ne4 14. Bd2 Rfe8 15. Rb2 axb4 16. axb4 Qf6 17. Nxe4 Qxb2 18. Bc1 Qxb4+ 19. Bd2 Qa4 20. Nc3 Qxd1+ 21. Nxd1 b5 22. Ne3 bxc4 23. 0-0 Ra2 24. Rd1 c3 25. Bxc3 Rxe2 0-1